Suspensiones de pagos, quiebras y moratorias (Record no. 75026)

MARC details
000 -LEADER
campo de control de longitud fija 00634nam a2200193 i 4500
001 - NÚMERO DE CONTROL
campo de control 75026
003 - IDENTIFICADOR DE NÚMERO DE CONTROL
campo de control ES-MaACL
005 - FECHA Y HORA DE LA ÚLTIMA TRANSACCIÓN
campo de control 20250718080425.0
007 - CAMPO FIJO DE DESCRIPCIÓN FÍSICA--INFORMACIÓN GENERAL
campo de control de longitud fija t|
008 - DATOS DE LONGITUD FIJA--INFORMACIÓN GENERAL
campo de control de longitud fija 040922s1950 sp ||||1| spa d
100 1# - ENTRADA PRINCIPAL--NOMBRE DE PERSONA
Nombre de persona Goxens Duch, Antonio.
9 (RLIN) 59387
245 10 - MENCIÓN DEL TÍTULO
Título Suspensiones de pagos, quiebras y moratorias
Resto del título : estudio comercial, económico /
Mención de responsabilidad, etc. Antonio Goxens Duch.
260 ## - PUBLICACIÓN, DISTRIBUCIÓN, ETC.
Lugar de publicación, distribución, etc. Madrid :
Nombre del editor, distribuidor, etc. Aguilar,
Fecha de publicación, distribución, etc. 1950 (
Fabricante Yagües)
300 ## - DESCRIPCIÓN FÍSICA
Extensión XXVII, 444 p. :
Otras características físicas il. ;
Dimensiones 25 cm.
650 #4 - PUNTO DE ACCESO ADICIONAL DE MATERIA--TÉRMINO DE MATERIA
Término de materia o nombre geográfico como elemento de entrada Suspensión de pagos-
Subdivisión geográfica España.
9 (RLIN) 145980
650 #7 - PUNTO DE ACCESO ADICIONAL DE MATERIA--TÉRMINO DE MATERIA
Término de materia o nombre geográfico como elemento de entrada Quiebra-
Subdivisión geográfica España
Fuente del encabezamiento o término
9 (RLIN) 145981
852 ## - LOCALIZACIÓN
Ubicación ES-MaACL
Número de control de estantería C-9193
Sublocalización o colección R.37288
Holdings
Estatus retirado Estado de pérdida Estado de daño No para préstamo Biblioteca de origen Biblioteca actual Ubicación en estantería Fecha de adquisición Fuente de adquisición Total de préstamos Signatura topográfica completa Código de barras Visto por última vez Precio de reemplazo Tipo de ítem Koha
        Biblioteca del Ateneo de Madrid Biblioteca del Ateneo de Madrid Sala Palomar 17/01/2008     C-9193 1078531 23/02/2023 23/02/2023 Libro impreso